Oxford Collocations Dictionary for Students of English
Salvato in:
| Altri autori: | |
|---|---|
| Natura: | Libro |
| Lingua: | inglese |
| Pubblicazione: |
Oxford
Oxford University Press
2017
|
| Edizione: | 2nd Edition |
| Soggetti: | |
| Tags: |
Nessun Tag, puoi essere il primo ad aggiungerne!!
|
MARC
| LEADER | 00000nam a2200000 4500 | ||
|---|---|---|---|
| 001 | 0246747 | ||
| 005 | 20230113122723.7 | ||
| 020 | |a 978-0-19-432538-7 | ||
| 020 | |a 978-0-19-431724-5 | ||
| 020 | |a 978-0-19-432539-4 | ||
| 041 | 0 | |a eng | |
| 044 | |a GB | ||
| 245 | 1 | 0 | |a Oxford Collocations Dictionary for Students of English |c Chief Editor: Colin McIntosh |
| 250 | |a 2nd Edition | ||
| 264 | 1 | |a Oxford |b Oxford University Press |c 2017 | |
| 300 | |a 963 s. |e 1 CD-ROM | ||
| 610 | 2 | 0 | |a jazykoveda |
| 610 | 2 | 0 | |a terminológia |
| 610 | 2 | 0 | |a pojmy |
| 610 | 2 | 0 | |a angličtina |
| 610 | 2 | 0 | |a tezaury |
| 700 | 1 | |a McIntosh, Colin | |